Statistics for Lyrics to One Thing by One Direction

Click here to take the quiz!

General Stats

  • This quiz has been taken 9,629 times
    (9,401 since last reset)
  • The average score is 26 of 32

Answer Stats

HintAnswer% Correct
I've tried playing itcool
99%
Girl when I'm lookin' atyou
99%
Shot me out of thesky
92%
Cause you've got that onething
88%
So get out, get out, get out of myhead
88%
But I need that onething
87%
I don't, I don't, don't know what itis
87%
Yeah, you've got that onething
87%
And fall into my armsinstead
86%
All day and allnight
84%
Yeah, frozen and can'tbreath
84%
but you don't notice atall
84%
That I need you here with menow
83%
I can't ever bebrave
83%
That I'm going out of mymind
82%
Cause I'm dying just to know yourname
81%
You keep making meweak
81%
Cause you've got that onething
81%
You're mykryptonite
80%
Get out, get out, get out of myhead
80%
Somethings gotta givenow
79%
And I need you here with menow
78%
And fall into my armsinstead
78%
Cause I'm dying just to make yousee
77%
Now I'm climbing thewalls
77%
Cause you make my heartrace
76%
So get out, get out, get out of myhead
76%
Somethings gotta givenow
75%
And fall into my armsinstead
74%
I don't, I don't, don't know what itis
74%
But I need that onething
73%
Yeah, you've got that onething
72%

Score Distribution

Percentile by Number Answered

Percent of People with Each Score

Your Score History

You have not taken this quiz since the last reset